000 00551nam a2200205Ia 4500
003 GCL
008 140319s9999 xx 000 0 eng d
020 _a7508502264
040 _aGCL /
_cGCL
082 0 4 _a915.1
_bC W
245 1 0 _aWORLD HERITAGE SITES IN CHINA
260 _aالصين :
_bCHINA INTERCONTINENTAL PRESS ،
_c2003
300 _a32 CM ؛
_c252 P
650 0 4 _aCHINA - CIVILIZATION
650 0 4 _aCHINA - HISTORY
650 0 4 _aCHINA - DESCRIPTION AND TRAVEL
650 0 4 _aCHINA
650 0 4 _aCHINA - ANTIQUITIES
942 _2ddc
_cBK
999 _c9086
_d9086